Biggest Cities in Costa Rica - Statistics

General Stats
  • This quiz has been taken 17 times
  • The average score is 5 of 20
Answer Stats
Population City % Correct
356,056 San José
100%
65,922 Liberia
67%
100,532 Limón
67%
44,374 Alajuela
58%
168,096 Cartago
50%
16,686 Heredia
50%
41,528 Puntarenas
25%
17,274 Ciudad Colón
17%
22,619 Buenos Aires
8%
20,068 Parrita
8%
12,611 Alajuelita District
0%
29,112 Aserrí
0%
23,953 El Roble
0%
12,590 Escazú District
0%
12,439 La Cruz
0%
25,978 San Juan District, Tibás
0%
10,674 San Marcos
0%
13,186 Santa Ana
0%
12,189 Santiago de Puriscal
0%
13,961 Sixaola
0%
No matching quizzes found
Score Distribution
Percent of People with Each Score
Percentile by Number Answered
Your Score History
You have not taken this quiz